Scandinavia Quiz - Statistics

General Stats
  • This quiz has been taken 520 times
  • The average score is 11 of 15
Answer Stats
% Correct
Norway
100%
Sweden
100%
Denmark
99%
Oslo
98%
Stockholm
96%
Swedish
96%
Copenhagen
94%
Danish
94%
Norwegian
89%
Krone
71%
Krone
71%
Krona
62%
King Carl XVI Gustaf of Sweden
38%
King Harald V of Norway
28%
Queen Margarethe of Denmark
17%
No matching quizzes found
Score Distribution
Percent of People with Each Score
Percentile by Number Answered
Your Score History
You have not taken this quiz